20 Mitglieder stärkste Fußballvereine in Deutschland - Statistiken

Allgemein
  • Dieses Quiz wurde 240 mal gespielt
  • Das Durchschnittsergebnis liegt bei 14 aus 20
Antwortstatistiken
Platz Mitglieder Bundesland Antwort % Korrekt
2 218.500 NRW Borussia Dortmund
98%
1 400.000 Bayern FC Bayern
94%
6 120.000 Hamburg Hamburger SV
93%
3 193.000 NRW FC Schalke 04
91%
4 150.000 Hessen Eintracht Frankfurt
87%
12 58.150 Berlin Hertha BSC
87%
6 120.000 Baden-Württemberg VfB Stuttgart
87%
9 70.000 Berlin Union Berlin
85%
5 140.000 NRW 1. FC Köln
84%
11 60.000 Bremen Werder Bremen
79%
13 49.000 Hamburg FC St.Pauli
73%
14 35.370 Bayern 1. FC Nürnberg
63%
8 100.000 NRW Borussia Mönchengladbach
56%
17 30.870 Sachsen Dynamo Dresden
54%
9 70.000 Baden-Württemberg SC Freiburg
54%
19 29.180 MV FC Hansa Rostock
50%
16 35.200 Rheinland-Pfalz 1. FC Kaiserslautern
45%
20 27.390 Bayern FC Augsburg
44%
15 35.310 NRW Fortuna Düsseldorf
43%
18 30.220 NRW VfL Bochum
39%
Keine übereinstimmenden Quizze gefunden
Verteilung der Resultate
Anzahl Personen mit jedem Resultat
Perzentil nach korrekt beantworteten Fragen
Ihre Resultats-Entwicklung
Sie haben dieses Quiz noch nicht gespielt